| 000 | 00977nam0a22002651 4500 | ||
|---|---|---|---|
| 001 | rc\2776251 | ||
| 005 | 20250806204819.0 | ||
| 035 | _a(NLR Aleph) 006902539 | ||
| 090 |
_a31109 _c31109 |
||
| 100 | _a20110915d1941 u y0rusy50 ca | ||
| 101 | 0 | _arus | |
| 102 | _aRU | ||
| 105 | _aa z ||||| | ||
| 200 | 1 |
_aНаставление по стрелковому делу (НСД-38) _eРучной пулемет ДП _fНар. ком. обороны Союза ССР |
|
| 210 |
_a[Ярославль] _cЯросласк. обл. изд-во _d1941 |
||
| 215 |
_a115, [4] с. _cтабл., черт. _d14 см. |
||
| 300 | _aНапеч. в Костроме | ||
| 740 | 1 |
_aСССР _tВоенные уставы и наставления _3RU\NLR\AUTH\8810020873 |
|
| 801 | 0 |
_aRU _bNLR _gpsbo |
|
| 801 | 1 |
_aRU _bELAR _2rusmarc |
|
| 852 |
_aNLR _jВ60 Г-1/34 |
||
| 942 | _cBOOK | ||
| 945 | _aРоссийская национальная библиотека | ||
| 980 | _aNB | ||
| 980 | _aBV | ||